BIBLIOTHÈQUE DE LA MAISON DU MEXIQUE

Logo 1 Logo 2

Historia de la filosofía en México (notice nᵒ 12368)

détails MARC
000 -Sello discográfico
campo de control de longitud fija 00912nam a2200313 4500
005 - Identificación de versión
campo de control 20251016082723.0
035 ## - Otros números de control del sistema
Número de control del sistema 288
099 ## - fechas locales
Tipo de ítem Koha LIBRO
100 ## - Datos de procesamiento general
Datos de procesamiento general 19930801d1943 m y1spay5003 ba
105 ## - Campo de datos codificados: Material textual, monográfico
Datos codificados de monografía y 001zy
200 1# - Título y mención de responsabilidad
Título propio Historia de la filosofía en México
Designación general del material texto impreso
Primer mención de responsabilidad Samuel Ramos
205 ## - Declaración de edición
Declaración de edición 1a ed
210 ## - Publicación, distribución, etc.
Lugar de publicación, distribución, etc. México
Nombre del editor, distribuidor, etc. Imprenta Universitaria
Fecha de publicación, distribución, etc. 1943
215 ## - Descripción física
Designación de material específico y extensión del ítem 189 p
Dimensiones 22 cm
345 ## - Nota de información de adquisición
Fuente de adquisición/dirección de la suscripción [OBSOLETO] Donación
410 #1 - Series
Título Biblioteca de Filosofía Mexicana
Número de volumen 10
606 ## - Término temático usado como materia
Elemento de entrada Educación
Subdivisión geográfica México
Número Koha 234
606 ## - Término temático usado como materia
Elemento de entrada Filosofía mexicana
Número Koha 1290
606 ## - Término temático usado como materia
Elemento de entrada Valores (Filosofía)
Número Koha 1184
660 ## - Código de área geográfica
Código MX
700 ## - Nombre personal - Responsabilidad primaria
Elemento de entrada Ramos Magaña
Parte del nombre distinta del elemento de entrada Samuel
Fechas 1897-1959
Número Koha 3478
801 #0 - Fuente de origen
Agencia cm
900 ## -
-- 1/9179
900 ## -
-- 710934839\\010893
942 ## - ELEMENTOS DE ENTRADA SECUNDARIOS (KOHA)
Tipo de ítem Koha Livre
996 ## -
-- MEX
-- 751145101
-- MMAG
-- 005061
-- 199 R17H
-- 20210608LIV
Exemplaires
Estatus retirado Estado de daño Estado de pérdida Fecha de adquisición Biblioteca de origen Biblioteca actual Ubicación en estantería Código de barras Precio de reemplazo Signatura topográfica completa No para préstamo Tipo de ítem Koha Nota pública Nota no pública
      05/08/2025 Casa México Paris Casa México Paris   005061 05/08/2025 199 R17H   Livre 20210608LIV 751145101